| 000 | 00469nam a2200145Ia 4500 | ||
|---|---|---|---|
| 008 | 151021s9999 xx 000 0 und d | ||
| 050 | _aJQ 2949 .A75 G5 1987 | ||
| 245 | _a_A Textbook of The constitution and Government of Kenya for Secondary schools | ||
| 260 | _aNairobi sterling publishers 1987 | ||
| 300 | _axvi,654p. | ||
| 500 | _aIncludes Index and bibliograpy | ||
| 650 | _a_constitution | ||
| 700 | _a_Kabuya Miano | ||
| 980 | _a^d20110316 02:16:17^okorir | ||
| 999 |
_c6848 _d6848 |
||